The pfeiffer book of successful conflict management tools : The most enduring, effective, and valuable training activities for managing workplace conflict
The Pfeiffer Book of Successful Managing Conflict Tools is organized into three sections: Presentations and Discussions (articles); Experiential Learning Activities; and Inventories, Questionnaires, and Surveys. These selections represent the all-time best the Pfeiffer Annuals and Handbooks have to...
Gespeichert in:
| Format: | Buch |
|---|---|
| Sprache: | Undetermined |
| Veröffentlicht: |
San Francisco
Pfeiffer
2003
|
| Schlagworte: | |
| Tags: |
Tag hinzufügen
Keine Tags, Fügen Sie den ersten Tag hinzu!
|
| Thư viện lưu trữ: | Trung tâm Học liệu Trường Đại học Cần Thơ |
|---|
| LEADER | 01081nam a2200205Ia 4500 | ||
|---|---|---|---|
| 001 | CTU_163601 | ||
| 008 | 210402s9999 xx 000 0 und d | ||
| 020 | |c 34.08 | ||
| 082 | |a 658.3 | ||
| 082 | |b P526 | ||
| 245 | 4 | |a The pfeiffer book of successful conflict management tools : | |
| 245 | 4 | |b The most enduring, effective, and valuable training activities for managing workplace conflict | |
| 245 | 0 | |c Edited by Jack Gordon | |
| 260 | |a San Francisco | ||
| 260 | |b Pfeiffer | ||
| 260 | |c 2003 | ||
| 520 | |a The Pfeiffer Book of Successful Managing Conflict Tools is organized into three sections: Presentations and Discussions (articles); Experiential Learning Activities; and Inventories, Questionnaires, and Surveys. These selections represent the all-time best the Pfeiffer Annuals and Handbooks have to offer on the topic. The Pfeiffer Book of Successful Managing Conflict Tools. | ||
| 650 | |a Personnel management,Organizational behavior,Quản trị nhân lực,Tổ chức hành vi | ||
| 904 | |i Qhieu | ||
| 980 | |a Trung tâm Học liệu Trường Đại học Cần Thơ | ||